Resources Values & Dev (Oip) : (Record no. 617627)

MARC details
000 -LEADER
fixed length control field 00494nam a2200193 a 4500
008 - FIXED-LENGTH DATA ELEMENTS--GENERAL INFORMATION
fixed length control field 260311s1999##################000#0#eng##
020 ## - INTERNATIONAL STANDARD BOOK NUMBER
ISBN 9780195651317
082 04 - DEWEY DECIMAL CLASSIFICATION NUMBER
Classification number 338.9
Item number SEN
100 1# - MAIN ENTRY--AUTHOR NAME
Personal name Sen, Amartya Kumar,
245 10 - TITLE STATEMENT
Title Resources Values & Dev (Oip) :
260 ## - PUBLICATION, DISTRIBUTION, ETC. (IMPRINT)
Year of publication 1999.
300 ## - PHYSICAL DESCRIPTION
Number of Pages 547 pages
650 #0 - SUBJECT ADDED ENTRY--TOPICAL TERM
Topical Term Economic development.
942 ## - ADDED ENTRY ELEMENTS (KOHA)
Koha item type English Books
Holdings
Withdrawn status Lost status Damaged status Not for loan Home library Current library Shelving location Date acquired Full call number Accession Number Price effective from Koha item type
        Anna Centenary Library Anna Centenary Library 4TH FLOOR, A WING 11.03.2026 338.9 SEN 107914 11.03.2026 English Books

Find us on the map